| 000 | 01993nam0a2200373 4500 | ||
|---|---|---|---|
| 001 | RU\NLR\BIBL_A\011617140 | ||
| 005 | 20250626100603.0 | ||
| 020 |
_aRU _b11741 _9Сводный каталог листовок первых лет Советской власти (25 октября (7 ноября) 1917 - 1925) Т.4 (Ч.3). Листовки советских, партийных, профсоюзных, комсомольских и других организаций губерний РСФСР |
||
| 035 | _a(NLR Aleph) 011617140 | ||
| 090 |
_a10965595 _c10965595 |
||
| 100 | _a20180202d1920 |||y0rusy50 ca | ||
| 101 | 0 | _arus | |
| 102 | _aRU | ||
| 105 | _ay z 000zy | ||
| 135 | _acrcn 024anaba | ||
| 200 | 1 |
_aРезолюция XI-го уездного съезда Советов Бежецкого уезда по докладу о работе Уездного исполнительного комитета _e[листовка] |
|
| 210 |
_a[Бежецк] _cИсполком _cБежецкая гос. тип. _d1920 |
||
| 215 |
_a1 с. _d19х14 |
||
| 300 | _aПодпись: Президиум Съезда | ||
| 325 | _aКопия доступна в Электрон. б-ке РНБ | ||
| 607 |
_aРСФСР _jЛистовки _xПолитика и управление _y1917 - 1925 _92312782 _3RU\NLR\auth\6601609564 |
||
| 686 | 0 | _aТ3(2)71-313,011 | |
| 686 | 1 | _aТ3(2Р-4Тв)712-3,011 | |
| 710 | 0 | 2 |
_aБежецкий уездный съезд Советов _c11 _9587718 _3RU\NLR\AUTH\880462542 |
| 711 | 0 | 2 |
_aБежецкий уездный исполнительный комитет Советов _9437474 _3RU\NLR\AUTH\880385633 |
| 852 | 0 | 0 |
_aNLR _bФЛ _j55/5 |
| 942 | _cBOOK | ||
| 980 | _aNB | ||
| 981 | 2 | 1 |
_a(21) Листовки _b(21) Листовки 1920 года |